Statistics for Brands Logo Quiz #7

Click here to take the quiz!

General Stats

  • This quiz has been taken 374 times
  • The average score is 14 of 20

Answer Stats

Answer% Correct
Lay's
97%
Coca-Cola
96%
Doritos
96%
Dove
96%
Subway
93%
Nerf
89%
Mountain Dew
88%
Marvel
86%
Nickelodeon
83%
Chick-Fil-A
77%
Harley-Davidson
73%
Lipton
73%
Blockbuster
72%
IBM
56%
CBS
50%
Hoover
46%
Big Boy
42%
AOL
34%
TiVo
25%
Starter
22%

Score Distribution

Percentile by Number Answered

Percent of People with Each Score

Your Score History

You have not taken this quiz